000 00417pab a2200169 454500
008 180718b1972 xxu||||| |||| 00| 0 eng d
100 _aBhargava, P.K.
245 _aIndian tax structure: A brief review
260 _c1972
300 _ap.436-442.
362 _aJul-Sep
650 _aTaxation - India
650 _aTaxation
773 _aIndian Journal of Public Administration
908 _aN
909 _a99967
999 _c99966
_d99966